| 000 | 00860nam a2200289Ia 4500 | ||
|---|---|---|---|
| 003 | OSt | ||
| 005 | 20221007122020.0 | ||
| 006 | a|||||r|||| 00| 0 | ||
| 007 | ta | ||
| 008 | 221006b |||||||| |||| 00| 0 hin d | ||
| 020 |
_a0131489887 (hbd) _cRs.5150.98 |
||
| 024 | _a16693 | ||
| 037 |
_b254, 06/01/2006, Ashutosh Technical Books _cTextual |
||
| 040 |
_aBDL _cBDL _bhin |
||
| 041 |
_2hin _ahin |
||
| 082 | _aG116, P6 Carb | ||
| 100 | _aLewin Benjamin | ||
| 245 | 0 | _aEssential genes | |
| 260 |
_aNew _bJersey Pearson Education,Inc. _c2006 |
||
| 300 |
_axix,594p. _ccm. |
||
| 500 | _aGlossary G-1-G-15p.; Index I-1-I-20p. | ||
| 650 | _a Genes | ||
| 650 | _a Genetics | ||
| 650 | _aBiology | ||
| 942 |
_hG116, P6 Carb _cTEXL _2CC |
||
| 999 |
_c1209673 _d1209673 |
||